People's linguistic survey of India: (Record no. 205606)

MARC details
000 -LEADER
fixed length control field 00893nam a22002417a 4500
005 - DATE AND TIME OF LATEST TRANSACTION
control field 20240905143546.0
010 ## - LCCN (DPL NO)
LC control number ENG-141673
020 ## - INTERNATIONAL STANDARD BOOK NUMBER
International Standard Book Number 9789352878413
Terms of availability 2695.00
035 ## - SYSTEM CONTROL NUMBER
System control number EN-125205
037 ## - SOURCE OF ACQUISITION
Source of stock number/acquisition DBAD
082 ## - DEWEY DECIMAL CLASSIFICATION NUMBER
Classification number 409.54
Edition number 1
245 ## - TITLE STATEMENT
Title People's linguistic survey of India:
Remainder of title The Language of West Bengal/
Statement of responsibility, etc Edited by G.N. Devy; Sankar Prasad Singha [and] Indranil Acharya
250 ## - EDITION STATEMENT
Edition statement 1
260 ## - PUBLICATION, DISTRIBUTION, ETC. (IMPRINT)
Place of publication, distribution, etc Telengana
Name of publisher, distributor, etc Orient BlackSwan Private Limited
Date of publication, distribution, etc 2019
270 ## - ADDRESS
Address 3-6-752, HimayatNagar, Hyderabad
City Telengana
Postal code 500029
Electronic mail address centraloffice@orientblackswan.com
300 ## - PHYSICAL DESCRIPTION
Extent xlvii,555p.)
Other physical details index
Dimensions 25cm.(Hb)
490 ## - SERIES STATEMENT
Series statement Part 2
Volume number/sequential designation Vol 31
500 ## - GENERAL NOTE
General note Includes references and Index
700 ## - ADDED ENTRY--PERSONAL NAME
Personal name Devy, G.N.
Relator term Editor
9 (RLIN) 71141
700 ## - ADDED ENTRY--PERSONAL NAME
Personal name Singha, Sankar Prasad
Relator term Editor
9 (RLIN) 71142
700 ## - ADDED ENTRY--PERSONAL NAME
Personal name Acharya, Indranil
Relator term Editor
9 (RLIN) 71143
942 ## - ADDED ENTRY ELEMENTS (KOHA)
Source of classification or shelving scheme Dewey Decimal Classification
Item type English Books
Call number suffix PEO
Classification part 409.54
Edition 1
Holdings
Withdrawn status Lost status Materials specified (bound volume or other part) Not for loan Collection code Home library Current library Date acquired Source of acquisition Cost, normal purchase price Full call number Barcode Copy number Cost, replacement price Koha item type
    VOL 31   Non-fiction Central Library Central Library 05/09/2024 Delivery of Books Act Division 2695.00 PEO 409.54 EN-125205 1 2695.00 English Books

© Delhi Public Library
Hit Counter
free hit counter